00764nam a22002297a 450000500170000001000130001702000100003003500130004003700160005304000120006908200190008110000250010024500980012524600710022326000580029427000720035230000200042465000290044465000250047365000210049865000150051920170123162346.0 aA-603624 c31.00 aA-603624 bCen Lib/Ret aDPLbUR a920bب ی ش  aبی. شیخ علی  aہند کی مایا ناز ہستیاں اور دیگر مضامین /cبی. شیخ علی  aHind ki maya naaz hastiyan aur deegar mazamin /bby B. Shaikh Ali  aنیی دہلی bترقی اردو بیورو c1992 bنیی دہلی aویسٹ بلاک ٨، ار.کے. پرم e110066 a176p.c19cm(Hb) a تاریخ - بھارت a سوانح حیات aHistory -- India aBiography